Landen met een Belgische Ambassade - Statistieken

Algemene statistieken
  • Deze quiz is 33 keer genomen
  • De gemiddelde score is 58 van 80
Antwoorden op de kaart
Antwoorden kleurgecodeerd door een groen-rode schaal op de quizkaart volgens % correct hieronder.
 
Antwoordstatistieken
Land met ambassade % Correct
Canada
100%
Verenigde Staten
97%
Brazilië
93%
China
93%
Italië
93%
Mexico
93%
Portugal
93%
Duitsland
90%
Frankrijk
90%
Japan
90%
Marokko
90%
Nederland
90%
Spanje
90%
Argentinië
87%
Finland
87%
Polen
87%
Australië
83%
Congo-Kinshasa
83%
Egypte
83%
Kroatië
83%
Noorwegen
83%
Rusland
83%
Turkije
83%
Verenigd Koninkrijk
83%
Zuid-Afrika
83%
Zwitserland
83%
Algerije
80%
Colombia
80%
Griekenland
80%
India
80%
Oekraïne
80%
Tunesië
80%
Zweden
80%
Chili
77%
Denemarken
77%
Ierland
77%
Indonesië
77%
Oostenrijk
77%
Peru
77%
Roemenië
77%
Zuid-Korea
77%
Bulgarije
73%
Hongarije
73%
Luxemburg
73%
Niger
73%
Nigeria
73%
Servië
73%
Thailand
73%
Cuba
70%
Israël
70%
Pakistan
70%
Tsjechië
70%
Iran
67%
Panama
67%
Saoedi-Arabië
67%
Angola
63%
Kazachstan
63%
Kenia
63%
Maleisië
63%
Vietnam
63%
Ethiopië
60%
Filipijnen
60%
Rwanda
60%
Senegal
60%
Burundi
57%
Tanzania
57%
Verenigde Arabische Emiraten
57%
Burkina Faso
53%
Jordanië
53%
Kameroen
53%
Oeganda
53%
Azerbeidzjan
50%
Ivoorkust
47%
Qatar
47%
Koeweit
43%
Libanon
43%
Vaticaanstad
43%
Benin
40%
Singapore
40%
Jamaica
37%
Geen overeenkomende quizzen gevonden
Scoreverdeling
Procent van Mensen met Elke Score
Percentiel versus Aantal Correcte Antwoorden
Uw Scoregeschiedenis
U heeft deze quiz nog niet genomen